Kardiostimulácia na Slovensku v roku 1994

Bibliographic Details
Main Author: Kaliská, Gabriela, 1951- (Author)
Format: Article
Language:Slovak
PhysicalDescription:Grafy 13, res. angl., slov., lit. 2 zázn. v angl., češ.
ISSN:1210-0048
Subjects:

MARC

LEADER 00000nab a2200000 a 4500
001 vtls000578659
003 SK-MaSNL
005 20260304095323.0
008 250425c1996 xo 0 slo
015 |a SNBRB19rr/mm-uuuuu 
035 |a CL0578797 
035 |a urn:nbn:sk:snk-ab6t14 
035 |a (uuid)62ac164d-8ee0-4b54-8481-06b8c12fa5c4 
035 |a (urnnbn)urn:nbn:sk:snk:ar-a05pfr 
035 |a (sysno)vtls000578659 
040 |a SNKBUCL  |b slo  |c SNKBUCL  |e AACR2 
041 0 |a slo 
044 |a xo  |c SK 
080 |a 616.12-008.1/.3:615.817  |2 1981 
080 |a 615.817  |2 1981 
100 1 |a Kaliská, Gabriela,  |d 1951-  |4 aut  |9 13336 
245 1 0 |a Kardiostimulácia na Slovensku v roku 1994  |c Gabriela Kaliská 
300 |b Grafy 13, res. angl., slov., lit. 2 zázn. v angl., češ. 
650 0 7 |a kardiostimulácia  |2 snkbucl  |9 14459 
655 7 |a články z novín a časopisov  |2 snkbucl  |9 267496 
773 0 |t Neinvazívna kardiológia  |g Roč. 5, č. 1 (1996), s. 45-49  |x 1210-0048 
850 |a Slovenská národná knižnica 
852 |a Slovenská národná knižnica 
954 |a odborná, vedecká literatúra pôvodná (slovenská)  |2 lita 
958 |a article27 
958 |a NB 
958 |a RK 
958 |a MI 
958 |a OND 
958 |a EUIPO 
992 |a RBX 
999 |c 2832039  |d 2833969